| 000 -LEADER |
| fixed length control field |
00501cam a22001577a 4500 |
| 008 - FIXED-LENGTH DATA ELEMENTS--GENERAL INFORMATION |
| fixed length control field |
180718b2007 xxu||||| |||| 00| 0 eng d |
| 020 ## - INTERNATIONAL STANDARD BOOK NUMBER |
| International Standard Book Number |
8189640305 |
| 082 ## - DEWEY DECIMAL CLASSIFICATION NUMBER |
| Classification number |
AB43 M924 |
| 245 ## - TITLE STATEMENT |
| Title |
Buddhism and the contemporary world: and Ambedkarian perspective |
| Statement of responsibility, etc. |
edited by Bhalchandra Mungekar and Aakash Singh Rathore |
| 260 ## - PUBLICATION, DISTRIBUTION, ETC. |
| Place of publication, distribution, etc. |
New Delhi |
| Name of publisher, distributor, etc. |
Bookwell |
| Date of publication, distribution, etc. |
2007 |
| 300 ## - PHYSICAL DESCRIPTION |
| Extent |
218p. |
| 650 ## - SUBJECT ADDED ENTRY--TOPICAL TERM |
| Topical term or geographic name entry element |
Buddhist philosophy |
| 650 ## - SUBJECT ADDED ENTRY--TOPICAL TERM |
| Topical term or geographic name entry element |
Buddhism |
| 700 ## - ADDED ENTRY--PERSONAL NAME |
| Personal name |
Rathore, Aakash Singh |
| 700 ## - ADDED ENTRY--PERSONAL NAME |
| Personal name |
Mungekar, Bhalchandra |